| 000 | 00756cab a2200217 4500 | ||
|---|---|---|---|
| 001 | WB2726-01 | ||
| 008 | 090401t1991 xxu||||| |||| 00| 0 eng d | ||
| 035 | _a(Sirsi) u27649 | ||
| 041 | _aeng | ||
| 245 | _aManagement contracting report published | ||
| 260 | _c1991 | ||
| 350 | _a0 | ||
| 490 |
_aConstruction News _vno 6221 4/7/91 p3&6(2) |
||
| 520 | _aCIRIA `s "Role, responsibilities and risks in management contracting " promotes the advantages of management contracting. The report has received criticism within the construction industry. | ||
| 650 | _aCONSTRUCTION MANAGEMENT FORUM | ||
| 650 | _aREADING UNIVERSITY | ||
| 650 | _aRISK MANAGEMENT | ||
| 690 | _aBUILT ENVIRONMENT-BUILDING CONTRACT FORMS | ||
| 942 | _n0 | ||
| 948 | _c04/03/1997 | ||
| 999 |
_c18618 _d18618 |
||